[Event "Turkey Cup 2019"]
[Site "Belek"]
[Date "2019.01.30"]
[Round "5.13"]
[White "Gallevci, Yagiz"]
[Black "Aytekin, Murat Eren"]
[Result "0-1"]
[WhiteElo "2034"]
[BlackElo "2163"]
[Annotator "TA"]
[PlyCount "72"]
[EventDate "2019.01.27"]
[EventType "swiss"]
[EventCountry "TUR"]
[SourceTitle "playchess.com"]
[Source "ChessBase"]
[SourceQuality "1"]

1. e4 g6 2. d4 Bg7 3. c3 d6 4. Nf3 Nf6 5. Bd3 O-O 6. O-O Nc6 7. Bg5 h6 8. Bh4 e5 9. d5 Ne7 10. Bg3 Nh7 11. Ne1 f5 12. exf5 gxf5 13. f4 e4 14. Be2 c6 15. dxc6 bxc6 16. Qb3+ Kh8 17. Na3 d5 18. Nac2 Qd6 19. Nd4 Rb8 20. Qc2 c5 21. Nb5 Qb6 22. Rb1 d4 23. Bc4 Be6 24. Bxe6 Qxe6 25. c4 a6 26. Na3 Rfd8 27. Qd2 Nc6 28. b3 Nb4 29. Rd1 Rd7 30. Rf2 e3 31. Re2 exd2 32. Rxe6 dxe1=Q+ 33. Bxe1 Nf8 34. Re2 d3 35. Red2 Bc3 36. Rxd3 Rxd3 0-1

[Event "Turkey Cup 2019"]
[Site "Belek"]
[Date "2019.01.30"]
[Round "5.14"]
[White "Degirmenci, Yagiz"]
[Black "Koksal, Ege"]
[Result "1/2-1/2"]
[WhiteElo "1872"]
[BlackElo "2360"]
[Annotator "TA"]
[PlyCount "74"]
[EventDate "2019.01.27"]
[EventType "swiss"]
[EventCountry "TUR"]
[SourceTitle "playchess.com"]
[Source "ChessBase"]
[SourceQuality "1"]

1. e4 e6 2. d3 d5 3. Nd2 c5 4. Ngf3 Nf6 5. c3 Be7 6. Be2 Nc6 7. O-O Qc7 8. Re1 O-O 9. Qc2 b5 10. b3 a5 11. a4 b4 12. c4 dxe4 13. dxe4 Nd7 14. Bb2 Bb7 15. Rad1 Bf6 16. Bxf6 Nxf6 17. Bd3 e5 18. Nf1 Nd4 19. Nxd4 cxd4 20. Ng3 Nd7 21. h4 Nc5 22. h5 Qe7 23. f3 Qg5 24. Kf2 Ra6 25. Re2 Rh6 26. Rb1 Bc8 27. Qd2 Qf4 28. Rb2 Bg4 29. Bb1 Qxd2 30. Rexd2 Bxh5 31. Ne2 Rf6 32. Nc1 g5 33. Kg3 g4 34. Nd3 Nxd3 35. Rxd3 gxf3 36. gxf3 Rf4 37. Rh2 Bg6 1/2-1/2

[Event "Turkey Cup 2019"]
[Site "Belek"]
[Date "2019.01.30"]
[Round "5.15"]
[White "Caner, Resul"]
[Black "Isik, Alparslan"]
[Result "1/2-1/2"]
[WhiteElo "1884"]
[BlackElo "2244"]
[Annotator "TA"]
[PlyCount "109"]
[EventDate "2019.01.27"]
[EventType "swiss"]
[EventCountry "TUR"]
[SourceTitle "playchess.com"]
[Source "ChessBase"]
[SourceQuality "1"]

1. e4 c5 2. Nf3 Nc6 3. d4 cxd4 4. Nxd4 g6 5. Nc3 Bg7 6. Be3 Nf6 7. Bc4 O-O 8. Bb3 d6 9. f3 Bd7 10. Qd2 Nxd4 11. Bxd4 b5 12. Nd5 Nxd5 13. Bxg7 Kxg7 14. Bxd5 Rc8 15. h4 h5 16. O-O-O Qb6 17. g4 Rh8 18. Qf4 Be8 19. Qd2 a5 20. a3 Bd7 21. Qf4 Be8 22. Qd2 Qc5 23. Rh2 Bc6 24. Bb3 Qe5 25. g5 Rhe8 26. f4 Qxe4 27. f5 gxf5 28. Qxa5 Qe3+ 29. Qd2 Qxd2+ 30. Rdxd2 Be4 31. Bd5 Bxd5 32. Rxd5 Rc5 33. Rxc5 dxc5 34. Rd2 e6 35. Rd7 Rc8 36. Rb7 f4 37. Kd2 Kg6 38. Ke2 Rf8 39. Rxb5 Kf5 40. Kf3 e5 41. Rxc5 f6 42. gxf6 Rxf6 43. a4 Rg6 44. b4 Rg3+ 45. Kf2 Ra3 46. a5 Ra4 47. Rc4 Kg4 48. Re4 Kf5 49. Rc4 e4 50. Rc5+ Kg4 51. Rg5+ Kxh4 52. Rb5 Ra2 53. Rc5 Kg4 54. Rc8 Rb2 55. a6 1/2-1/2

[Event "Turkey Cup 2019"]
[Site "Belek"]
[Date "2019.01.30"]
[Round "5.16"]
[White "Dogan, Nazmi Can"]
[Black "Oztekin, Kerem Can"]
[Result "1-0"]
[WhiteElo "2244"]
[BlackElo "1940"]
[Annotator "TA"]
[PlyCount "81"]
[EventDate "2019.01.27"]
[EventType "swiss"]
[EventCountry "TUR"]
[SourceTitle "playchess.com"]
[Source "ChessBase"]
[SourceQuality "1"]

1. d4 Nf6 2. Nf3 c5 3. d5 e6 4. Nc3 exd5 5. Nxd5 Nxd5 6. Qxd5 Be7 7. Bf4 Nc6 8. O-O-O Nb4 9. Qb3 d6 10. e4 O-O 11. a3 Nc6 12. Qd3 Qa5 13. Qb5 Qd8 14. Qd3 Qa5 15. Qd2 Rd8 16. Bc4 Qa4 17. Bd5 Nb4 18. Bb3 Qa6 19. Ng5 c4 20. Qxb4 cxb3 21. Qxb3 d5 22. Rxd5 Rxd5 23. Qxd5 Qf6 24. Be3 h6 25. Nf3 Bg4 26. Qxb7 Rd8 27. e5 Bxf3 28. exf6 Bxb7 29. fxe7 Re8 30. Bc5 Bxg2 31. Rd1 a6 32. Rd8 Bc6 33. Rd6 Bb7 34. Rd7 Bc6 35. Ra7 Bb5 36. b3 Rc8 37. a4 Be8 38. Bb4 f5 39. Rxa6 Kf7 40. Rb6 Bc6 41. a5 1-0

[Event "Turkey Cup 2019"]
[Site "Belek"]
[Date "2019.01.30"]
[Round "5.17"]
[White "Yeke, Serkan"]
[Black "Aslan, Onat Ugur"]
[Result "1/2-1/2"]
[WhiteElo "2117"]
[BlackElo "1812"]
[Annotator "NA RC"]
[PlyCount "62"]
[EventDate "2019.01.27"]
[EventType "swiss"]
[EventCountry "TUR"]
[SourceTitle "playchess.com"]
[Source "ChessBase"]
[SourceQuality "1"]

1. Nf3 Nf6 2. c4 b6 3. g3 Bb7 4. Bg2 e6 5. O-O Be7 6. Nc3 O-O 7. Re1 d5 8. cxd5 exd5 9. d4 Nbd7 10. Bf4 Nh5 11. e3 h6 12. Ne5 Nhf6 13. g4 Ne4 14. Nxe4 dxe4 15. Qc2 Nf6 16. Nc6 Qd7 17. Nxe7+ Qxe7 18. Qxc7 Qxc7 19. Bxc7 Nxg4 20. Rac1 Bd5 21. a3 f5 22. Bf1 Rac8 23. Ba6 Rce8 24. Bc4 Nf6 25. Bd6 Rf7 26. Be5 Bxc4 27. Rxc4 Nd5 28. Rc6 Rd8 29. Rec1 Kh7 30. Rc8 Rdd7 31. Re1 Ne7 1/2-1/2

[Event "Turkey Cup 2019"]
[Site "Belek"]
[Date "2019.01.30"]
[Round "5.18"]
[White "Karaoglan, Doruk"]
[Black "Benk, Tolga Tugay"]
[Result "1/2-1/2"]
[WhiteElo "2142"]
[BlackElo "1863"]
[Annotator "NA RC"]
[PlyCount "128"]
[EventDate "2019.01.27"]
[EventType "swiss"]
[EventCountry "TUR"]
[SourceTitle "playchess.com"]
[Source "ChessBase"]
[SourceQuality "1"]

1. e4 d6 2. Nc3 Nf6 3. d4 g6 4. f4 Bg7 5. Nf3 c5 6. Bb5+ Bd7 7. e5 Ng4 8. e6 Bxb5 9. exf7+ Kd7 10. Nxb5 Qa5+ 11. Nc3 cxd4 12. Nxd4 Qh5 13. Ne4 Bxd4 14. Qxd4 Nc6 15. Qd3 Qf5 16. Bd2 Nf6 17. Nxf6+ Qxf6 18. O-O Qxf7 19. c4 Qf5 20. Qb3 Kc7 21. Qc3 Rhf8 22. Rae1 Rf7 23. Be3 Qa5 24. Qc2 Raf8 25. Rd1 b6 26. a3 Qf5 27. Qc3 Qf6 28. Qc1 Qe6 29. b4 h5 30. Rfe1 Qg4 31. c5 bxc5 32. bxc5 dxc5 33. Qxc5 Rf5 34. Qc3 h4 35. Rc1 R8f6 36. Bd4 h3 37. g3 Rd6 38. Be5 Rxe5 39. fxe5 Re6 40. Qe3 Qa4 41. Qe4 Qxa3 42. Qg4 Rxe5 43. Qf4 Kd7 44. Rxe5 Nxe5 45. Qd4+ Ke6 46. Re1 Qa5 47. Kf2 Qd5 48. Qxd5+ Kxd5 49. Ra1 g5 50. Ke3 Ng4+ 51. Kd3 Nxh2 52. Rh1 Ng4 53. Ke2 h2 54. Kf3 Ne5+ 55. Ke2 Ng4 56. Kf3 Ne5+ 57. Kg2 Ng4 58. Ra1 e5 59. Rxa7 Ke4 60. Ra1 Ne3+ 61. Kxh2 Kf3 62. Ra5 g4 63. Rxe5 Nf1+ 64. Kg1 Nxg3 1/2-1/2

[Event "Turkey Cup 2019"]
[Site "Belek"]
[Date "2019.01.30"]
[Round "5.19"]
[White "Guven, Oguz Kagan"]
[Black "Demirbas, Emre"]
[Result "1/2-1/2"]
[WhiteElo "2087"]
[BlackElo "1823"]
[Annotator "NA RC"]
[PlyCount "84"]
[EventDate "2019.01.27"]
[EventType "swiss"]
[EventCountry "TUR"]
[SourceTitle "playchess.com"]
[Source "ChessBase"]
[SourceQuality "1"]

1. e4 c5 2. Nc3 e6 3. g3 Nc6 4. Nge2 d5 5. Bg2 d4 6. Nb1 Nf6 7. d3 Be7 8. Nd2 a6 9. a4 Rb8 10. O-O e5 11. h3 b5 12. f4 Nd7 13. Nf3 f6 14. Nh4 O-O 15. Nf5 c4 16. axb5 axb5 17. fxe5 fxe5 18. h4 Nc5 19. Bd2 Be6 20. Nc1 b4 21. dxc4 Bxc4 22. Qg4 Bf6 23. Rf3 Ne7 24. Nd3 Qc7 25. Nxe7+ Qxe7 26. Nxc5 Qxc5 27. Bf1 d3+ 28. Be3 Qc6 29. Bxd3 Be6 30. Qh5 Qc8 31. Rxf6 gxf6 32. b3 Qc3 33. Ra7 Rf7 34. Rxf7 Bxf7 35. Qg4+ Kh8 36. Qf3 Kg7 37. Qg4+ Kf8 38. Kg2 Ke7 39. Qf5 h5 40. Qf2 Be6 41. Bd2 Qd4 42. Be3 Qc3 1/2-1/2

[Event "Turkey Cup 2019"]
[Site "Belek"]
[Date "2019.01.30"]
[Round "5.20"]
[White "Peker, Serdar"]
[Black "Yelligedik, Murat"]
[Result "1-0"]
[WhiteElo "1830"]
[BlackElo "2055"]
[Annotator "NA RC"]
[PlyCount "135"]
[EventDate "2019.01.27"]
[EventType "swiss"]
[EventCountry "TUR"]
[SourceTitle "playchess.com"]
[Source "ChessBase"]
[SourceQuality "1"]

1. e4 c5 2. Nc3 Nc6 3. f4 g6 4. Nf3 Bg7 5. Bb5 Nd4 6. O-O Nxb5 7. Nxb5 d5 8. exd5 a6 9. Nc3 Nf6 10. d4 Nxd5 11. dxc5 Nxc3 12. Qxd8+ Kxd8 13. bxc3 Bxc3 14. Rb1 Kc7 15. Rb3 Bf6 16. Bd2 a5 17. Rfb1 Ra7 18. Ne5 Be6 19. Rb5 Rha8 20. a3 Bd5 21. Bc3 Bc6 22. Rb6 Ra6 23. Bd4 Be4 24. R1b2 Rxb6 25. cxb6+ Kd6 26. c3 Ke6 27. Kf2 g5 28. Ke3 Bd5 29. g3 gxf4+ 30. gxf4 Rg8 31. c4 Bh1 32. Rf2 Kf5 33. Nxf7 Rg1 34. Bxf6 exf6 35. Nd6+ Ke6 36. Nb5 Kf5 37. Rd2 Re1+ 38. Kf2 Rb1 39. Ke3 Rb3+ 40. Kd4 Kxf4 41. Rf2+ Kg5 42. Kc5 Rd3 43. Nd4 Rxa3 44. Kb5 Be4 45. Ne6+ Kg6 46. h4 Bc6+ 47. Kc5 a4 48. Nd8 Be4 49. h5+ Kg5 50. Nf7+ Kxh5 51. Rxf6 Kg4 52. Nd6 Bc6 53. Rh6 Rh3 54. Rf6 a3 55. Rf8 Rf3 56. Rg8+ Kf4 57. Rf8+ Ke3 58. Ra8 Kf2 59. Ra7 h5 60. Nxb7 Bxb7 61. Rxb7 Rf5+ 62. Kb4 Rf8 63. Ra7 Rb8 64. c5 h4 65. Rxa3 Kg2 66. Kb5 h3 67. c6 h2 68. Ra2+ 1-0

[Event "Turkey Cup 2019"]
[Site "Belek"]
[Date "2019.01.30"]
[Round "5.21"]
[White "Baylav, Can"]
[Black "Onem, Cem"]
[Result "1-0"]
[WhiteElo "2108"]
[BlackElo "1840"]
[Annotator "NA RC"]
[PlyCount "49"]
[EventDate "2019.01.27"]
[EventType "swiss"]
[EventCountry "TUR"]
[SourceTitle "playchess.com"]
[Source "ChessBase"]
[SourceQuality "1"]

1. e4 e5 2. Nf3 Nc6 3. Bb5 a6 4. Ba4 Nf6 5. Qe2 b5 6. Bb3 Be7 7. c3 O-O 8. d4 d6 9. h3 h6 10. O-O Re8 11. a4 Bd7 12. dxe5 dxe5 13. Rd1 Bd6 14. Nbd2 Qb8 15. Nf1 Na5 16. Bc2 bxa4 17. Bxa4 Bxa4 18. Rxa4 Nb3 19. Be3 a5 20. Ng3 Bc5 21. Nf5 Bxe3 22. Qxe3 Kh7 23. Rc4 Ra6 24. N3h4 Ng8 25. Rd7 1-0

[Event "Turkey Cup 2019"]
[Site "Belek"]
[Date "2019.01.30"]
[Round "5.22"]
[White "Kizilkus, Akin"]
[Black "Gundogan, Sinem Cagla"]
[Result "1/2-1/2"]
[WhiteElo "2100"]
[BlackElo "1860"]
[Annotator "NA RC"]
[PlyCount "81"]
[EventDate "2019.01.27"]
[EventType "swiss"]
[EventCountry "TUR"]
[SourceTitle "playchess.com"]
[Source "ChessBase"]
[SourceQuality "1"]

1. d4 d5 2. c4 e6 3. Nc3 Nf6 4. Nf3 Be7 5. Bf4 c6 6. e3 Nbd7 7. c5 O-O 8. Bd3 a5 9. a3 b5 10. Qc2 Bb7 11. h3 b4 12. Na4 Ba6 13. O-O Bxd3 14. Qxd3 Ne4 15. Ne5 Nxe5 16. Bxe5 f6 17. Bh2 Ra7 18. axb4 axb4 19. f3 Ng5 20. h4 Nf7 21. Nb6 Rxa1 22. Rxa1 e5 23. Ra7 Bd6 24. Rd7 Qb8 25. Rxd6 Nxd6 26. Nd7 Qb5 27. Qxb5 Nxb5 28. Nxf8 Kxf8 29. dxe5 Na3 30. exf6 gxf6 31. b3 Nc4 32. Bc7 Nxe3 33. Ba5 Nc2 34. Kf2 Kf7 35. Ke2 Nd4+ 36. Kd3 Nxb3 37. Bxb4 Ke6 38. Kc3 Nc1 39. Kd2 Nb3+ 40. Kc3 Nc1 41. Kd4 1/2-1/2

[Event "Turkey Cup 2019"]
[Site "Belek"]
[Date "2019.01.30"]
[Round "5.23"]
[White "Zekeriyaoglu, Ersen"]
[Black "Pektas, Yigit"]
[Result "0-1"]
[WhiteElo "1759"]
[BlackElo "2019"]
[Annotator "NA RC"]
[PlyCount "128"]
[EventDate "2019.01.27"]
[EventType "swiss"]
[EventCountry "TUR"]
[SourceTitle "playchess.com"]
[Source "ChessBase"]
[SourceQuality "1"]

1. c4 f5 2. Nc3 Nf6 3. g3 g6 4. Bg2 Bg7 5. d4 O-O 6. h4 d6 7. Bg5 Nc6 8. Nf3 Ne4 9. Rc1 h6 10. Be3 Nxc3 11. bxc3 e5 12. d5 Na5 13. Qa4 b6 14. c5 Ba6 15. c6 f4 16. gxf4 exf4 17. Bd4 Qe7 18. O-O Bc4 19. Bxg7 Kxg7 20. Rfe1 Rf5 21. e4 Rh5 22. Bf1 Bxf1 23. Kxf1 Re8 24. Qd4+ Kh7 25. c4 Qd8 26. Ke2 Qc8 27. Rg1 Qf5 28. Kd3 Qh3 29. Ke2 Qf5 30. Kd3 Qh3 31. Ke2 a6 32. Rxg6 Rhe5 33. Nxe5 dxe5 34. Qd3 Qxd3+ 35. Kxd3 Kxg6 36. Rg1+ Kf7 37. a4 Nb3 38. f3 Nc5+ 39. Kc2 Nxa4 40. h5 Nc5 41. Rg6 Rh8 42. Kc3 a5 43. d6 cxd6 44. Rxd6 Ke7 45. Rg6 Ne6 46. c7 Nxc7 47. Rxb6 Ne6 48. Ra6 Nd4 49. Ra7+ Kf6 50. Ra6+ Kg5 51. Rxa5 Nxf3 52. c5 Nd4 53. Kc4 f3 54. Ra2 Kf4 55. Kd5 Rd8+ 56. Kc4 Kxe4 57. Ra6 f2 58. Rf6 Nf5 59. c6 f1=Q+ 60. Kc5 Rd5+ 61. Kb6 Qb5+ 62. Kc7 Qa5+ 63. Kb7 Ne7 64. c7 Rb5+ 0-1

[Event "Turkey Cup 2019"]
[Site "Belek"]
[Date "2019.01.30"]
[Round "5.24"]
[White "Gozubuyukoglu, Selami"]
[Black "Kocak, Can"]
[Result "0-1"]
[WhiteElo "1821"]
[BlackElo "1994"]
[Annotator "NA RC"]
[PlyCount "158"]
[EventDate "2019.01.27"]
[EventType "swiss"]
[EventCountry "TUR"]
[SourceTitle "playchess.com"]
[Source "ChessBase"]
[SourceQuality "1"]

1. e4 c5 2. Nf3 e6 3. d4 cxd4 4. Nxd4 a6 5. Nc3 Qc7 6. g3 Nf6 7. Bg2 Nc6 8. O-O Bb4 9. Bg5 h6 10. Bxf6 gxf6 11. Nxc6 bxc6 12. Ne2 a5 13. c4 d6 14. Nf4 Ba6 15. Rc1 Bc5 16. Nh5 Ke7 17. Qe2 Rhg8 18. Kh1 Rab8 19. Rc2 Rb4 20. Rfc1 Bd4 21. Qd2 Qb6 22. Rd1 c5 23. b3 Rg5 24. Nf4 a4 25. Nd3 axb3 26. Nxb4 bxc2 27. Nxc2 Bxc4 28. Na3 Ba6 29. Rb1 Qc7 30. Nb5 Bxb5 31. Rxb5 Rg8 32. Bf1 Qc6 33. a4 f5 34. Bg2 fxe4 35. Qxh6 d5 36. Qh4+ Bf6 37. Qf4 Ra8 38. Qc1 Bd4 39. Qc2 c4 40. h4 Qa6 41. Qd2 Qxa4 42. Rb7+ Kd6 43. Qxd4 Qa1+ 44. Qxa1 Rxa1+ 45. Kh2 c3 46. Rb6+ Kc5 47. Rb8 Ra6 48. Bf1 Rc6 49. Rb5+ Kd4 50. Rb1 c2 51. Rc1 Kc3 52. Bb5 Kd2 53. Bxc6 Kxc1 54. Ba4 d4 55. h5 e3 56. fxe3 dxe3 57. h6 e2 58. h7 e1=Q 59. h8=Q Qf2+ 60. Kh3 Qf1+ 61. Kh2 Qf2+ 62. Kh3 Qf5+ 63. Kh2 Kb1 64. Qb8+ Ka1 65. Qh8+ e5 66. Bxc2 Qxc2+ 67. Kg1 Qd1+ 68. Kf2 Qd2+ 69. Kf3 Qd3+ 70. Kg2 Qe2+ 71. Kh3 Qe4 72. Qf6 Qd5 73. Kg4 Kb1 74. Kf5 e4+ 75. Kf4 Kc2 76. Qa1 f5 77. Qa4+ Kd2 78. Qb4+ Ke2 79. Qb2+ Qd2+ 0-1

[Event "Turkey Cup 2019"]
[Site "Belek"]
[Date "2019.01.30"]
[Round "5.25"]
[White "Ozsakallioglu, Okan"]
[Black "Yuksel, Davut Can"]
[Result "1-0"]
[WhiteElo "2051"]
[BlackElo "1836"]
[Annotator "NA RC"]
[PlyCount "113"]
[EventDate "2019.01.27"]
[EventType "swiss"]
[EventCountry "TUR"]
[SourceTitle "playchess.com"]
[Source "ChessBase"]
[SourceQuality "1"]

1. e4 e5 2. Nf3 Nc6 3. Nc3 Nf6 4. Bb5 Nd4 5. Ba4 Nxf3+ 6. Qxf3 Bc5 7. O-O O-O 8. d3 c6 9. Bb3 d6 10. h3 Be6 11. Ne2 d5 12. Ng3 Qd7 13. Re1 Rfe8 14. Bg5 Be7 15. exd5 Bxd5 16. Qf5 Bxb3 17. axb3 h6 18. Bxf6 Qxf5 19. Nxf5 Bxf6 20. Nd6 Re7 21. Ne4 a6 22. g4 Bg5 23. Kg2 Rd8 24. Ra4 f6 25. Ng3 Red7 26. Rh1 Rd4 27. Raa1 g6 28. h4 Bf4 29. Ne2 R4d7 30. Nxf4 exf4 31. Kf3 Rd4 32. Rae1 Kf7 33. Re2 R8d7 34. Rhe1 g5 35. h5 R4d5 36. Re8 Rc5 37. R8e2 Rcd5 38. Re4 Rc5 39. R1e2 a5 40. Kg2 f5 41. gxf5 Rxf5 42. Kf3 Rc5 43. Kg4 b5 44. f3 Rcd5 45. Re8 Rc5 46. Ra8 Re7 47. Rxe7+ Kxe7 48. c3 b4 49. c4 Re5 50. Rh8 Re6 51. d4 Rd6 52. c5 Rf6 53. Ra8 Ke6 54. Rg8 Kd5 55. Rg6 Ke6 56. d5+ cxd5 57. c6 1-0

[Event "Turkey Cup 2019"]
[Site "Belek"]
[Date "2019.01.30"]
[Round "5.26"]
[White "Yasin, Hur"]
[Black "Eke, Salih"]
[Result "1-0"]
[WhiteElo "2004"]
[BlackElo "1801"]
[Annotator "NA RC"]
[PlyCount "113"]
[EventDate "2019.01.27"]
[EventType "swiss"]
[EventCountry "TUR"]
[SourceTitle "playchess.com"]
[Source "ChessBase"]
[SourceQuality "1"]

1. e4 c5 2. Nf3 Nc6 3. d4 cxd4 4. Nxd4 Nf6 5. Nc3 e5 6. Ndb5 d6 7. a4 a6 8. Na3 h6 9. Nc4 Be6 10. Be3 Rb8 11. Bb6 Qd7 12. Nd5 Bxd5 13. exd5 Ne7 14. Ne3 g6 15. g3 Bg7 16. h4 Nh7 17. Bh3 f5 18. g4 O-O 19. gxf5 gxf5 20. Rg1 Rf7 21. Qh5 Rf6 22. c4 Nf8 23. Ra3 Kh7 24. Rg5 Qe8 25. Nxf5 Qxh5 26. Rxh5 Nfg6 27. Rg3 Rbf8 28. Nxg7 Kxg7 29. Be3 Rh8 30. Be6 a5 31. b3 Rh7 32. c5 dxc5 33. Bxc5 Rxe6 34. dxe6 Kf6 35. Be3 Kxe6 36. Rg4 Kf7 37. Rxh6 Rxh6 38. Bxh6 Nf5 39. h5 Nge7 40. Be3 Nd5 41. Kd2 Nf6 42. Rc4 Nxh5 43. Rc7+ Ke6 44. Rxb7 Nf6 45. Rb5 Nd6 46. Rxa5 Nd5 47. Ra6 Nb4 48. Rb6 Nd5 49. Rb8 Nc7 50. b4 e4 51. Rb6 Nd5 52. Rb8 Nc4+ 53. Ke1 Ndxe3 54. fxe3 Nxe3 55. a5 Kd5 56. a6 Kd4 57. a7 1-0

[Event "Turkey Cup 2019"]
[Site "Belek"]
[Date "2019.01.30"]
[Round "5.27"]
[White "Basaran, Alp"]
[Black "Sahin, Handenur"]
[Result "0-1"]
[WhiteElo "1723"]
[BlackElo "1998"]
[Annotator "NA RC"]
[PlyCount "134"]
[EventDate "2019.01.27"]
[EventType "swiss"]
[EventCountry "TUR"]
[SourceTitle "playchess.com"]
[Source "ChessBase"]
[SourceQuality "1"]

1. e4 e5 2. Nf3 Nc6 3. Nc3 Nf6 4. Bb5 Bb4 5. O-O O-O 6. d3 d6 7. Bg5 Bxc3 8. bxc3 a6 9. Ba4 Qe7 10. Bxc6 bxc6 11. Ne1 h6 12. Bc1 d5 13. a4 Rd8 14. Ba3 Qe6 15. exd5 Nxd5 16. c4 Nf4 17. Bc1 Qxc4 18. Nf3 Qd5 19. Bxf4 exf4 20. Qd2 Qf5 21. Qc3 Be6 22. Nd2 c5 23. f3 c4 24. Ne4 cxd3 25. cxd3 Qd5 26. Qxc7 Qxd3 27. Qxf4 Qd4+ 28. Kh1 f5 29. Rae1 fxe4 30. Rxe4 Qd6 31. Qe3 Bf7 32. h3 Qd3 33. Qxd3 Rxd3 34. Rc1 Re8 35. Rc6 Rxe4 36. fxe4 Re3 37. Rxa6 Rxe4 38. a5 Bd5 39. Rd6 Rd4 40. Kg1 Rd2 41. a6 Rxg2+ 42. Kf1 Rg5 43. a7 Rf5+ 44. Kg1 Ba8 45. Rd8+ Rf8 46. Rb8 Kf7 47. Kf2 Ke7+ 48. Kg3 Rd8 49. Kf4 g6 50. Ke5 Rd5+ 51. Kf4 Rd4+ 52. Ke3 Rd8 53. Kf4 Rd4+ 54. Ke3 Rd8 55. Kf4 Bc6 56. Ke5 Rd5+ 57. Kf4 Ra5 58. Rh8 Ra4+ 59. Kg3 Ra3+ 60. Kh4 Kf6 61. Rxh6 Rxa7 62. Rh8 Ra3 63. Rf8+ Kg7 64. Rd8 Bg2 65. Rd2 Bf1 66. Rd7+ Kh6 67. Rf7 g5+ 0-1

[Event "Turkey Cup 2019"]
[Site "Belek"]
[Date "2019.01.30"]
[Round "5.28"]
[White "Aslan, Dogukan"]
[Black "Dogdu, Mehmet"]
[Result "1/2-1/2"]
[WhiteElo "1709"]
[BlackElo "1940"]
[Annotator "NA RC"]
[PlyCount "93"]
[EventDate "2019.01.27"]
[EventType "swiss"]
[EventCountry "TUR"]
[SourceTitle "playchess.com"]
[Source "ChessBase"]
[SourceQuality "1"]

1. d4 d5 2. c4 c6 3. e3 Nf6 4. Nc3 e6 5. Nf3 Bd6 6. Qc2 O-O 7. b3 c5 8. cxd5 cxd4 9. Nxd4 exd5 10. Be2 Nc6 11. Nxc6 bxc6 12. O-O Ng4 13. h3 Qh4 14. f4 Nf6 15. Bf3 Re8 16. Qf2 Qxf2+ 17. Kxf2 a5 18. Bd2 Ba6 19. Rfe1 Bd3 20. Be2 Ne4+ 21. Nxe4 Bxe4 22. Rac1 c5 23. Bb5 Reb8 24. a4 f5 25. g3 Kf7 26. Bc3 g6 27. Red1 Ke6 28. Rd2 Rb6 29. Rcd1 Ra7 30. h4 h6 31. Rg1 Be7 32. Rgd1 g5 33. hxg5 hxg5 34. Rg1 Rxb5 35. axb5 Rb7 36. Bxa5 Rxb5 37. Bc7 Rxb3 38. Ra1 gxf4 39. Bxf4 c4 40. Ra6+ Kf7 41. Ra7 c3 42. Re2 c2 43. Rc7 Ke6 44. Rc6+ Kd7 45. Rc7+ Ke6 46. Rc6+ Kd7 47. Rc7+ 1/2-1/2

[Event "Turkey Cup 2019"]
[Site "Belek"]
[Date "2019.01.30"]
[Round "5.29"]
[White "Aydin, Ismail"]
[Black "Ozcan, Kadir Kutay"]
[Result "1/2-1/2"]
[WhiteElo "1950"]
[BlackElo "1794"]
[Annotator "NA RC"]
[PlyCount "77"]
[EventDate "2019.01.27"]
[EventType "swiss"]
[EventCountry "TUR"]
[SourceTitle "playchess.com"]
[Source "ChessBase"]
[SourceQuality "1"]

1. d4 Nf6 2. Nf3 e6 3. c4 b6 4. g3 Bb7 5. Bg2 Be7 6. Nc3 O-O 7. O-O Ne4 8. Qc2 Nxc3 9. bxc3 f5 10. Rd1 Be4 11. Qb3 Nc6 12. a4 Na5 13. Qa2 Qc8 14. Ne5 Bxg2 15. Kxg2 d6 16. Nd3 c5 17. Bd2 cxd4 18. c5 dxc5 19. cxd4 c4 20. Ne5 Nb3 21. Rab1 Nxd2 22. Rxd2 c3 23. Rc2 Bf6 24. Nf3 Qc6 25. Kg1 Rad8 26. Rd1 g5 27. Rd3 g4 28. Ne5 Bxe5 29. Rdxc3 Qd5 30. dxe5 Qxa2 31. Rxa2 Rd5 32. Re3 Rc8 33. f4 Rc4 34. Kf2 Kf7 35. Rd3 Rdd4 36. Rda3 Ke7 37. Ke3 Re4+ 38. Kd2 Red4+ 39. Ke3 1/2-1/2

[Event "Turkey Cup 2019"]
[Site "Belek"]
[Date "2019.01.30"]
[Round "5.30"]
[White "Ozsakallioglu, Akin"]
[Black "Aydogdu, Cagatay"]
[Result "1/2-1/2"]
[WhiteElo "1957"]
[BlackElo "1727"]
[Annotator "NA RC"]
[PlyCount "66"]
[EventDate "2019.01.27"]
[EventType "swiss"]
[EventCountry "TUR"]
[SourceTitle "playchess.com"]
[Source "ChessBase"]
[SourceQuality "1"]

1. e4 e6 2. d4 d5 3. Nd2 a6 4. Ngf3 c5 5. dxc5 Bxc5 6. Bd3 Nf6 7. Qe2 O-O 8. e5 Ng4 9. O-O f6 10. Nb3 Bb6 11. h3 Nxe5 12. Nxe5 fxe5 13. Qxe5 Qf6 14. Qxf6 gxf6 15. Bh6 Rd8 16. c4 d4 17. c5 Bc7 18. f4 Kf7 19. f5 exf5 20. Bf4 Bxf4 21. Rxf4 Nc6 22. Raf1 Kg7 23. Bxf5 Bxf5 24. Rxf5 Rf8 25. Nd2 Rae8 26. Nc4 Re2 27. R5f2 Rxf2 28. Rxf2 Re8 29. Kf1 Kg6 30. Nd6 Re7 31. Re2 Ne5 32. Re4 d3 33. Rd4 Rc7 1/2-1/2

[Event "Turkey Cup 2019"]
[Site "Belek"]
[Date "2019.01.30"]
[Round "5.31"]
[White "Makaraci, Tunahan"]
[Black "Hatipoglu, Metin"]
[Result "1-0"]
[WhiteElo "1915"]
[BlackElo "1680"]
[Annotator "NA RC"]
[PlyCount "103"]
[EventDate "2019.01.27"]
[EventType "swiss"]
[EventCountry "TUR"]
[SourceTitle "playchess.com"]
[Source "ChessBase"]
[SourceQuality "1"]

1. e4 c5 2. Nf3 e6 3. c3 d5 4. exd5 exd5 5. Bb5+ Bd7 6. Bxd7+ Nxd7 7. O-O Ngf6 8. d4 Be7 9. dxc5 Nxc5 10. Nbd2 O-O 11. Nb3 Nce4 12. Be3 Qc7 13. Nbd4 g6 14. h3 a6 15. a4 Rad8 16. Re1 Rfe8 17. Qc2 Nh5 18. Rad1 Bd6 19. Ne2 Nf4 20. Nxf4 Bxf4 21. Bxf4 Qxf4 22. Rd4 Qf6 23. Red1 Ng5 24. Nxg5 Qxg5 25. Kf1 Qe5 26. Kg1 Re7 27. Qd2 Qf5 28. c4 Rde8 29. Rxd5 Qf6 30. Rd8 Re1+ 31. Qxe1 Rxd8 32. Rxd8+ Qxd8 33. b3 h5 34. Qe3 Kg7 35. Qf3 Qe7 36. Qc3+ f6 37. c5 Qe4 38. Qe3 Qd5 39. Kh2 g5 40. f3 h4 41. b4 Kh6 42. Qe7 Qd4 43. Qe4 Qf2 44. Qe6 Qg3+ 45. Kg1 Qf4 46. Qe4 Qc1+ 47. Kh2 a5 48. Qd4 Kg6 49. bxa5 Qe1 50. Qe4+ Qxe4 51. fxe4 Kf7 52. c6 1-0

[Event "Turkey Cup 2019"]
[Site "Belek"]
[Date "2019.01.30"]
[Round "5.32"]
[White "Ceylan, Sezer"]
[Black "Kilic, Gokturk Kagan"]
[Result "0-1"]
[WhiteElo "1689"]
[BlackElo "2000"]
[Annotator "NA RC"]
[PlyCount "82"]
[EventDate "2019.01.27"]
[EventType "swiss"]
[EventCountry "TUR"]
[SourceTitle "playchess.com"]
[Source "ChessBase"]
[SourceQuality "1"]

1. e4 c5 2. Nf3 e6 3. d4 cxd4 4. Nxd4 a6 5. Nc3 Qc7 6. Be2 b5 7. O-O Bb7 8. Bf3 Nc6 9. Be3 Ne5 10. Bf4 d6 11. Bxe5 dxe5 12. Nb3 Nf6 13. Qe2 Rc8 14. Rac1 Be7 15. Nb1 O-O 16. c4 b4 17. Na1 Nd7 18. b3 Nc5 19. Nc2 a5 20. Nd2 Rfd8 21. Rfd1 Bc6 22. Rb1 Qb7 23. Re1 Rd3 24. Nf1 Rcd8 25. Rbd1 Rxd1 26. Rxd1 Rxd1 27. Qxd1 Bxe4 28. Ne1 h6 29. Ng3 Bc6 30. Bxc6 Qxc6 31. Nf3 e4 32. Nd2 Qd6 33. Qe2 f5 34. Ndf1 Qe5 35. Qh5 Nd3 36. Qe8+ Bf8 37. Qc8 Qd6 38. Ne2 Kh7 39. Ne3 f4 40. Nc2 Nc1 41. Ned4 Ne2+ 0-1